Online
Catalog
Normal view MARC view

Entry Nombre personal

Number of records used in: 47

001 - NÚMERO DE CONTROL

  • campo de control: 6349

003 - IDENTIFICADOR DEL NÚMERO DE CONTROL

  • campo de control: BNPHU

005 - FECHA Y HORA DE LA ÚLTIMA TRANSACCIÓN

  • campo de control: 20240228142234.0

008 - DATOS DE LONGITUD FIJA

  • campo de control de longitud fija: 200615|| aca||aabn | a|a d

040 ## - FUENTE DE LA CATALOGACIÓN

  • Centro catalogador/agencia de origen: DO-SdBNP
  • Lengua de catalogación: spa
  • Centro/agencia transcriptor: BNPHU
  • Normas de descripción: rda

100 1# - ENCABEZAMIENTO-NOMBRE DE PERSONA

  • Nombre de persona: Matos Moquete, Manuel,
  • Fechas asociadas al nombre: 1944-

370 ## - LUGAR ASOCIADO

  • Lugar de nacimiento: Baoruco (República Dominicana : Provincia)

372 ## - CAMPO DE ACTIVIDAD

  • Campo de actividad: Literatura

373 ## - GRUPO ASOCIADO

  • Grupo asociado: Universidad de París VIII: Vincennes

375 ## - GÉNERO/SEXO

  • Género/Sexo: Masculino

377 ## - LENGUA/LENGUAJE ASOCIADO

  • Código del idioma: Español

400 1# - TRAZADO DE VÉASE--NOMBRE DE PERSONA

  • Nombre de persona: Moquete, Manuel Matos,
  • Fechas asociadas al nombre: 1944-

670 ## - FUENTE DE DATOS ENCONTRADOS

  • Cita de la fuente: Matos Moquete, Manuel, 1944-, Los amantes de abril /, 2006.

670 ## - FUENTE DE DATOS ENCONTRADOS

  • Cita de la fuente: Matos Moquete, Manuel, 1944-. La cultura de la lengua, c1986

670 ## - FUENTE DE DATOS ENCONTRADOS

  • Cita de la fuente: Matos Moquete, Manuel, 1944-. Los pobladores del exilio, 2006

Powered by Koha